000 00750nam a2200229Ia 4500
003 OSt
005 20240928123837.0
008 220927b |||||||| |||| 00| 0 eng d
020 _a9781137412225
037 _b93, 10/11/2015, Classic Book Service
040 _aSDCL
_cSDCL
_beng
041 _2eng
_aeng
082 _aR Q4
100 _aRockmore, Tom and Breazeale, Daniel Ed.
_9443575
245 0 _aFichte and transcendental philosophy.
260 _aUnited Kingdom:
_bPalgrave Macmillan,
_c2014.
300 _ax,349p.
650 _aPhilosophy
700 _a Breazeale Daniel Ed.
_9443576
942 _hR Q4
_cTEXL
_2CC
999 _c758707
_d758707